| 000 | 01134cam a2200325 a 4500 | ||
|---|---|---|---|
| 001 | 16463648 | ||
| 003 | OSt | ||
| 005 | 20230915162929.0 | ||
| 008 | 100917s2011 ilua 001 0 eng | ||
| 010 | _a 2010039250 | ||
| 020 | _a9780736090292 (soft cover) | ||
| 020 | _a0736090290 (soft cover) | ||
| 035 | _a(OCoLC)ocn666877990 | ||
| 040 |
_aDLC _cDLC _dYDX _dYDXCP _dCDX _dDLC |
||
| 050 | 0 | 0 |
_aGV341 _b.T64 2011 |
| 082 | 0 | 0 |
_a613.7 _bTOR/S |
| 100 | 1 | _aTorbert, Marianne. | |
| 245 | 1 | 0 |
_aSecrets to success in sport & play : _ba practical guide to skill development / _cMarianne Torbert. |
| 246 | 3 | _aSecrets to success in sport and play | |
| 250 | _a2nd ed. | ||
| 260 |
_aChampaign, IL : _bHuman Kinetics, _cc2011. |
||
| 300 |
_axv, 151 p. : _bill. ; _c26 cm. |
||
| 500 | _aIncludes index. | ||
| 650 | 0 | _aPhysical education and training. | |
| 650 | 0 | _aHuman mechanics. | |
| 650 | 0 | _aMotor learning. | |
| 906 |
_a7 _bcbc _corignew _d1 _eecip _f20 _gy-gencatlg |
||
| 942 |
_2ddc _cBK _h613.7 _iTOR/S _k613.7 _mTOR/S |
||
| 999 |
_c42464 _d42464 |
||